States Where Walmart Is The Largest Employer - Statistics

General Stats
  • This quiz has been taken 37 times
  • The average score is 18 of 22
Answer Stats
State Employees % Correct
Alabama 38,197
97%
Georgia 61,648
93%
Arkansas 50,121
90%
Florida 106,908
90%
Kansas 20,056
90%
Kentucky 28,548
90%
Mississippi 23,349
90%
Missouri 41,730
90%
Ohio 50,406
90%
South Carolina 32,858
90%
Tennessee 39,784
90%
Texas 171,796
90%
West Virginia 11,377
86%
Arizona 33,460
83%
Oklahoma 31,762
83%
Indiana 41,030
79%
Louisiana 34,793
79%
Montana 4,678
72%
Virginia 43,443
72%
Wyoming 4,630
62%
Illinois 54,086
59%
New Hampshire 7,443
34%
No matching quizzes found
Score Distribution
Percent of People with Each Score
Percentile by Number Answered
Your Score History
You have not taken this quiz